Quizzes
Events
Quiz Creation
Community
Videos
Private Events
Remove Ads
Sign In
Join for FREE
Feedback
Dark Mode
Quiz Categories
Sports
Geography
Music
Movies
Television
Just For Fun
Miscellaneous
History
Literature
Language
Science
Gaming
Entertainment
Religion
Holiday
For Kids
Quiz Lab
Recent
Popular Today
Quiz Kudos Today
Editor Picks
Curator Picks
Quizzes by...
Day
Popularity
Type
Ratings
Length
Year
Community
Subscriptions
Recent Discussions
Orange Saloon
Badges
Playlists
Quests
Create
Leaderboards
Showdown
Live 5
Trivia Bingo
Activity
Puzzle Library
Sporcle Events
Private Events
Virtual Trivia
Globe League
Become a Host
Pub Owners
SporcleCon
Opinionation
Our Games
Videos
Blog
Mobile Apps
Partnerships
Remove Ads and Go Orange
Feedback
Music
Pop Music
The Beatles
Song
Album
Lyrics
Bands
Singers
Artist
Clip
Rock
Rap
Classical
Billboard
Country Music
Kpop
Taylor Swift
Music
Pop Music
The Beatles
Song
Album
Lyrics
Bands
Singers
Artist
Clip
Rock
Rap
Classical
Billboard
Country Music
Kpop
Taylor Swift
Random Quiz
Search Sporcle
×
Quiz Lab
Quiz Lab
Music
Lyrics
Type in answers that appear in a list
Type in answers that appear in a list
Classic
Best Score? Go Orange.
Smashing Pumpkins - 'Tonight Tonight' Lyrics Stats
Can you name the Smashing Pumpkins - 'Tonight Tonight' Lyrics?
By
tarvupriest
10m
175 Questions
1,849 Plays
1,849 Plays
1,849 Plays
Comments
Comments
Give Quiz Kudos
Give Quiz Kudos
-
- Ratings
hide this ad
Replay
Link that replays current quiz
Next Quiz
Link to next quiz in quiz playlist
You Got
0%
They Got
Avg Score
79%
Avg Friend Score
Upgrade to see
Score Distribution
Jump to the score distribution portion of the page
Score
0/175
Timer
10:00
0
Plays Today
% Correct
I
97.9%
a
96.8%
a
96.8%
a
96.8%
to
96.6%
to
96.6%
Tonight
96.4%
Tonight
96.4%
Tonight
96.4%
Tonight
96.4%
Tonight
96.4%
Tonight
96.4%
Tonight
96.4%
tonight
96.4%
Tonight
96.4%
Tonight
96.4%
Tonight
96.4%
Tonight
96.4%
Tonight
96.4%
Tonight
96.4%
Tonight
96.4%
Tonight
96.4%
Tonight
96.4%
You
95.8%
you
95.8%
you
95.8%
you
95.8%
you
95.8%
you
95.8%
you
95.8%
you
95.8%
you
95.8%
the
95.7%
The
95.7%
the
95.7%
the
95.7%
the
95.7%
the
95.7%
the
95.7%
The
95.7%
the
95.7%
the
95.7%
the
95.7%
The
95.7%
The
95.7%
be
93.6%
be
93.6%
in
93.4%
in
93.4%
In
93.4%
in
93.4%
In
93.4%
in
93.4%
in
93.4%
is
92.6%
is
92.6%
me
92.4%
me
92.4%
me
92.4%
% Correct
never
90%
all
90%
never
90%
never
90%
never
90%
never
90%
all
90%
can
88.9%
can
88.9%
Believe
88.4%
Believe
88.4%
Believe
88.4%
Believe
88.4%
Believe
88.4%
Believe
88.4%
believe
88.4%
Believe
88.4%
believe
88.4%
We
88.3%
at
87.4%
Time
87.2%
time
87.2%
of
86.9%
of
86.9%
of
86.9%
And
86.4%
And
86.4%
And
86.4%
And
86.4%
ever
84.9%
will
82.4%
same
81.1%
same
81.1%
your
81.1%
your
81.1%
leave
80.8%
Without
79.2%
change
79.2%
change
79.2%
piece
78.9%
more
78.6%
less
77.9%
it
77.3%
feel
75.7%
feel
75.7%
leaving
75.3%
by
74%
not
73.5%
not
73.5%
not
73.5%
are
73.3%
We're
72.6%
we're
72.6%
were
72.6%
our
71.8%
you're
71.7%
you're
71.7%
you're
71.7%
night
71.1%
% Correct
lake
70.6%
life
70%
life
70%
If
69.5%
if
69.5%
as
69.5%
forever
69%
city
68.8%
lives
68.5%
right
68.5%
right
68.5%
That
67.7%
that
67.7%
changed
67.4%
where
67.4%
We'll
67.1%
We'll
67.1%
We'll
67.1%
We'll
67.1%
know
66.4%
light
65.7%
So
65.4%
So
65.4%
up
64.7%
up
64.7%
place
63.4%
But
63.1%
could
62.8%
crucify
62.2%
different
62%
born
60.1%
make
60%
stuck
58.6%
sure
58.6%
sure
58.6%
yourself
58.5%
insincere
58.1%
possible
56.6%
things
56.2%
impossible
56%
youth
55.8%
held
55.1%
vain
54.5%
Bright
54.3%
bright
54.3%
now
54%
moments
52.5%
there's
51.8%
urgency
50.6%
chance
50%
fade
48.8%
way
48.6%
find
47%
indescribable
46.2%
resolute
45.2%
offer
42.6%
embers
41.2%
Quiz Playlist
Details
Report
Send in Message
Add To Playlist
Classic:
Type in answers that appear in a list
Last Updated: Feb 16, 2017
Quiz Scoreboard
CHALLENGE
Sign Up to Join the Scoreboard
Show All
Scores
Hide
Comments
May contain spoilers
Recently Published
9x9 Crossword: Cartoon Network
by jackfrog10
Miscellaneous
3m
College Basketball Coaching Resumes
by pancakes188
Sports
9m
Billboard Blitz: Fleetwood Mac
by CooCooCachoo
Music
15s
More to Explore
Quiz From the Vault
Featured Blog Post
Where Did the Easter Bunny Come From?
hide this ad
You Might Also Like...
Tags
Lyrics Quiz
Rock Quiz
Smashing Pumpkins
Today's Top Quizzes in Music
Browse Music
hide this ad
Today's Top Quizzes in Lyrics
Browse Lyrics
Top Contributed Quizzes in Music
1
Taylor Swift All Songs (2024)
2
Guess the Artist- 70s Songs
3
7-to-1: Billboard Hot 100 #1 Hits of 2010s
4
Sorting Albums and Songs
5
Taylor Swift Logic Puzzle
6
KPOP LOGIC QUIZ
7
Guess the Taylor Swift song (Mystery Song)
8
One Thing in Common: Music
9
2010s Album by Cover III
10
Guess The Taylor Swift Lyrics Song #1
Explore More
Trending Topics
Marvel
NBA
Harry Potter
Disney
Kpop
Crossword
Anime
NFL
Pokémon
Soccer
WWE
Country
Song
Puzzle
The Office
hide this ad
More By:
tarvupriest
Quiz
Plays
Rating
Category
Featured
Created
Smashing Pumpkins - 'Tonight Tonight' Lyrics
1,849
4.90
Music
Mar 16, 2013
Liverpool 00/01 treble season goalscorers
328
5.00
Sports
Dec 30, 2011
2010-11 Premier league top scorers
67
5.00
Sports
Dec 29, 2011
Smashing Pumpkins - Oceania Tracks
33
5.00
Music
Jul 25, 2012
Go to Creator's Profile
Score Distribution
Quiz Creator Spotlight
tarvupriest
Follow
Send a Message
Quizzes Created
-
Created Quiz Play Count
-
More By This Creator
Popular Quizzes Today
1
Find the US States - No Outlines Minefield
2
Find the Countries of Europe - No Outlines Minefield
3
The Countries of the World
4
Find the US States
5
Risky Map Clicking: Biggest States A-Z
6
US States
7
Popular People in 1961
8
Movies - When Are They Set?
More Music Quizzes
Oddly Worded Beatles Songs
Curator's Pick
Trending Quizzes
Risky Map Clicking: Least Populous States A-Z
1-10 Letter G Words
1-10 Letter F Words
Risky Map Clicking: Next State Alphabetically
Adjectives in 80s TV Shows
Recently Updated
Leaping Animals
pecheneg
Reality TV Shows (A-Z)
bhenderson79
Rickey Henderson's Hall of Fame Teammates
pecheneg
Champions League XIs: Arsenal
pecheneg
Quick Pick: Celebrities in WWE's Hall of Fame
aduchscher
A-Z Keypad Blitz II
pecheneg
Multiple Oscar Actors
pecheneg
Mystery Phrase Blitz: Oscar 'Best Actors'
pecheneg
F. Scott Fitzgerald Novels
LTH
Pick 3 Villains
ddd62291
Trending Topics
Disney
Harry Potter
Crossword
Kpop
Anime
Marvel
NBA
Country
Puzzle
NFL
WWE
Soccer
The Office
Pokémon
Song
Your Account Isn't Verified!
In order to create a playlist on Sporcle, you need to verify the email address you used during registration. Go to your
Sporcle Settings
to finish the process.
Report this User
Report this user for behavior that violates our
Community Guidelines
.
Details:
Send Report
Go to the Sporcle.com Mobile Site →
Comments